[Event "ROM-ch U10"]
[Site "Calimanesti"]
[Date "2015.04.03"]
[Round "6"]
[White "Rehner, Rainer Fabian"]
[Black "Tampea, Radu"]
[Result "1-0"]
[WhiteElo "1450"]
[BlackElo "1533"]
[PlyCount "69"]
[EventDate "2015.03.30"]
[EventType "swiss"]
[EventRounds "9"]
[EventCountry "ROU"]
[SourceTitle "CBM 165 Extra"]
[Source "ChessBase"]
[SourceDate "2015.04.21"]
[SourceVersion "1"]
[SourceVersionDate "2015.04.21"]
[SourceQuality "1"]

1. e4 c5 2. Nf3 e6 3. d4 cxd4 4. Nxd4 Nf6 5. Nc3 Bb4 6. e5 Nd5 7. Bd2 Nxc3 8. bxc3 Bf8 9. Bd3 g6 10. Qg4 Bg7 11. Qg3 Nc6 12. Nxc6 bxc6 13. h4 Qa5 14. f4 Ba6 15. h5 0-0-0 16. Qe3 Bxd3 17. cxd3 Kc7 18. c4 Qa6 19. Qc5 Bf8 20. Qa5+ Qb6 21. Rb1 Bb4 22. Bxb4 Kc8 23. Qxb6 axb6 24. Bd6 Kb7 25. c5 b5 26. a4 Ka6 27. axb5+ cxb5 28. Ra1+ Kb7 29. Kd2 gxh5 30. Rxh5 Rhg8 31. Rh2 Rg4 32. Rxh7 Rxf4 33. Ke3 Rf5 34. g4 Rg5 35. Be7 1-0

[Event "ROM-ch U10"]
[Site "Calimanesti"]
[Date "2015.04.02"]
[Round "5"]
[White "Metehau, Luca Mihnea"]
[Black "Rehner, Rainer Fabian"]
[Result "1-0"]
[WhiteElo "1739"]
[BlackElo "1450"]
[PlyCount "61"]
[EventDate "2015.03.30"]
[EventType "swiss"]
[EventRounds "9"]
[EventCountry "ROU"]
[SourceTitle "CBM 165 Extra"]
[Source "ChessBase"]
[SourceDate "2015.04.21"]
[SourceVersion "1"]
[SourceVersionDate "2015.04.21"]
[SourceQuality "1"]

1. e4 e5 2. Nf3 Nc6 3. Bc4 Nf6 4. d3 h6 5. 0-0 d6 6. c3 g6 7. Nbd2 Bg7 8. Bb3 0-0 9. h3 Kh7 10. Re1 Ng8 11. Nf1 Nge7 12. d4 exd4 13. cxd4 f5 14. Ng3 fxe4 15. Nxe4 Nf5 16. Be3 Re8 17. Neg5+ hxg5 18. Nxg5+ Qxg5 19. Bxg5 Rxe1+ 20. Qxe1 Nfxd4 21. Qe3 Bd7 22. Qd3 Nf5 23. Rd1 Bxb2 24. h4 Re8 25. Qc2 Ba3 26. h5 gxh5 27. Bf7 Re5 28. Bxh5 Kg7 29. Qb3 Nh6 30. Qg3 Kh7 31. Bxh6 1-0

[Event "ROM-ch U10"]
[Site "Calimanesti"]
[Date "2014.04.08"]
[Round "3"]
[White "Jidovu, Mihnea Constantin"]
[Black "Rehner, Rainer Fabian"]
[Result "0-1"]
[WhiteElo "1090"]
[BlackElo "1304"]
[PlyCount "130"]
[EventDate "2014.04.06"]
[EventType "swiss"]
[EventRounds "9"]
[EventCountry "ROU"]
[SourceTitle "CBM 160 Extra"]
[Source "ChessBase"]
[SourceDate "2014.07.01"]
[SourceVersion "1"]
[SourceVersionDate "2014.07.01"]
[SourceQuality "1"]

1. e4 e5 2. Nf3 Nc6 3. Bb5 a6 4. Ba4 Nf6 5. 0-0 b5 6. Bb3 Be7 7. Re1 0-0 8. h3 d6 9. c3 Bb7 10. Bc2 Na7 11. d4 exd4 12. cxd4 c6 13. Nc3 b4 14. Ne2 Nd7 15. Ng3 g6 16. Bh6 Re8 17. Bb3 Bf6 18. Qd2 a5 19. Ng5 d5 20. e5 Bg7 21. Bxg7 Kxg7 22. Qf4 Qe7 23. Re3 h6 24. Nf3 Nf8 25. Re2 Ne6 26. Qe3 Nc8 27. Ba4 Nb6 28. Bb3 a4 29. Bc2 Nc4 30. Qc1 Ba6 31. Re1 a3 32. bxa3 Nxa3 33. Ba4 Rec8 34. Qd2 Bc4 35. Bb3 Qf8 36. Bxc4 Nxc4 37. Qc1 Ra3 38. Qc2 Rca8 39. Re2 Rc3 40. Qd1 Nf4 41. Rc2 Rd3 42. Qc1 Ne6 43. Rb1 Na3 44. Rbb2 Nxc2 45. Qxc2 Rc3 46. Qd2 c5 47. Kf1 cxd4 48. Nxd4 Qc5 49. Nxe6+ fxe6 50. f4 Rxg3 51. Rxb4 Qc3 52. Qxc3 Rxc3 53. Rb7+ Kg8 54. Re7 Rxa2 55. Re8+ Kf7 56. Kg1 Kxe8 57. Kh2 Rcc2 58. Kg3 Rxg2+ 59. Kf3 Raf2+ 60. Ke3 Ra2 61. Kd3 Ra4 62. Kc3 Rg3+ 63. Kb2 Rxf4 64. Kc2 Rf2+ 65. Kd1 Rg1# 0-1